000 00303pam a2200133 a 4500
020 _c
041 _h
082 _a658.40800000000002
_bMAY
100 _aMaylor,H.
245 _aProject Management
_hTextual Documents
260 _aNew Delhi
_bPearson Education
_c2011
300 _a411
930 _a8240
999 _c115067
_d115067